Ballon d'or 2006 - Statistiques

Statistiques générales
  • Ce quiz a été pris 232 fois
  • Le résultat moyen est 16 sur 26
Statistiques - réponses
Rang Joueurs Nationalité Points % Correct
5 Zinédine Zidane France 71
99%
14 Cristiano Ronaldo Portugal 5
98%
3 Thierry Henry France 121
98%
8 Didier Drogba Côte d'Ivoire 25
95%
1 Fabio Cannavaro Italie 173
95%
4 Ronaldinho Brésil 73
94%
6 Samuel Eto'o Cameroun 67
94%
2 Gianluigi Buffon Italie 124
90%
25 Philipp Lahm Allemagne 1
74%
Lionel Messi Argentine 2
71%
7 Miroslav Klose Allemagne 29
65%
9 Andrea Pirlo Italie 17
61%
13 Franck Ribéry France 9
61%
Kaká Brésil 11
59%
11 Deco Portugal 11
58%
17 Frank Lampard Angleterre 3
55%
Patrick Vieira France 5
52%
Carles Puyol Espagne 3
41%
David Villa Espagne 1
39%
Gennaro Gattuso Italie 5
33%
Gianluca Zambrotta Italie 2
25%
20 Juninho Brésil 2
24%
Luca Toni Italie 2
24%
John Terry Angleterre 2
22%
Lukas Podolski Allemagne 3
19%
10 Jens Lehmann Allemagne 13
18%
Aucun quiz correspondant
Distribution des résultats
% des personnes avec chaque résultat
Percentile par nombre de réponses
Votre historique - résultats
Vous n’avez pas pris ce quiz